Sporting Clube de Portugal (Registo nº 20265)

Detalhes MARC
000 -Etiqueta do registo
campo de controlo de comprimento fixo 005520000a22001810004500
001 - Identificador do registo
Campo de controlo 20265
100 ## - Dados Gerais de Proc.
Dados gerais de processamento 20071029d1988 m y0pory5003 ba
101 0# - Língua da publicação
Língua do texto, banda sonora, etc. Português
102 ## - País de Publicação
País de publicação Portugal
200 1# - Título
Título próprio Sporting Clube de Portugal
Informação de outro título fotobiografia
Primeira menção de responsabilidade Rui Guedes
210 ## - Publicação, Distribuição
Lugar da edição, distribuição, etc. Lisboa
Nome do editor, distribuidor, etc. Dom Quixote
Data da publicação, distribuição, etc. 1988
215 ## - Descrição física
Descrição física 239, [62] p.
Outras indicações físicas il.
Material acompanhante 1 fot.
675 ## - CDU
Notação 796.33(091)(084.12)
Edição BN
Língua da edição Português
675 ## - CDU
Notação 061.237(469.411)
Edição BN
Língua da edição Português
700 #1 - Responsabilidade principal
Palavra de ordem Guedes
Outra parte do nome Rui
090 ## - Números de controlo do sistema (Koha)
Número biblioitem do Koha (gerado automaticamente) 20265
942 ## - Elementos de entrada adicionados (Koha)
Tipo de item no Koha Monografias
Suprimido Disponível no OPAC
999 ## - Campo local
Campo local 20265
-- Bibliobase - BMTAV
-- 2019-01-21
Exemplares
Removido (estado) Perdido (estado) Data de aquisição Origem do registo (biblioteca) (codificado) Código da organização que empresta ou é detentora (biblioteca) Código de barras Local Número de inventário Cota Tipo de circulação (não pode ser emprestado) Tipo de item e material
Disponível Disponível 2007-10-29 Biblioteca Municipal Álvaro de Campos Biblioteca Municipal Álvaro de Campos BMTAV36542 Sala de Adultos 36542 O1 GUE Normal Monografias